000 00955nam a22002897a 4500
001 9445
003 FISKH
005 20260108162423.0
008 260108b cb ||||| |||| 00| 0 eng d
020 _a9780736436441
040 _aFISKH
_beng
_cFISKH
_dFISKH
050 _aPZ7.A4997 M
082 _a813.6
100 _aAmerikaner, Susan
_eAuthor
245 _aMoana finds the way /
_cby Susan Amerikaner; illustrated by the Disney Storybook art team
260 _aNew York :
_bRandom House ,
_c2016
300 _a24 pages :
_bcolor illustrations ;
_c23 cm
490 _aReaders :
_vStep into reading 2
505 _aG
520 _aMoana sets sail in search of a fabled island, where she teams up with her hero, the legendary demigod Maui, to traverse the open sea.
521 8 _a380
_bLexile
521 8 _aG
_bRaz-Plus
650 _aDisney
_vDisney princess
650 _aTropical islands
_vHawaii
942 _2ddc
_cBK
_n0
999 _c9445
_d9445